000 01805 a2200205 4500
020 _a184480349X
020 _a9781844803491
082 0 4 _a657
090 _c2115
_d2115
100 1 _aDrury, Colin.
245 1 0 _aCost and management accounting :
_ban introduction /
_cColin Drury.
250 _a6th ed.
260 _a[S.l.] :
_bThomson,
_c2006.
300 _a596 p. ;
_c26 cm.
500 _aPaperback.
520 _aThe aim of this established and best-selling textbook is to provide an introduction to the theory and practice of cost and management accounting. The book is intended primarily for accounting students who are pursuing a one or two semester basic introductory cost and management accounting course. It covers the basic topics needed on an introductory course in management accounting. This book is a companion volume to Management and Cost Accounting, which includes more advanced topics not suitable for introductory courses. Overall, the book is a rigorous, clear and easy-to understand introduction to cost and management accounting, with a tried and tested successful format that has enabled literally thousands of students to pass their exams. The book has an accompanying Student's Manual, which is an optional purchase for students. It contains answers to Review Problems in the white-tinted text boxes. The book stands entirely on its own without the Student's Manual. There is also a hard-copy Instructor's manual available. There is a Companion Website where tutors can download the Student's manual and Instructor's Manual as well as other resources.
856 4 0 _3Amazon.com
_uhttp://www.amazon.com/exec/obidos/ASIN/184480349X/chopaconline-20
856 4 0 _3Amazon customer reviews
_uhttp://www.chopac.org/cgi-bin/tools/azrev.pl?q=184480349X
942 _aNBS
_cBK
_k658.15 DRU
999 _c344618
_d344618